| 000 | 04569cam a2200445 a 4500 | ||
|---|---|---|---|
| 999 |
_c17314 _d17314 |
||
| 001 | 14710388 | ||
| 003 | ASAB | ||
| 005 | 20170511122345.0 | ||
| 008 | 070125s2007 nyua b 001 0 eng c | ||
| 010 | _a 2007921679 | ||
| 020 | _a81-8356-198-5 | ||
| 035 | _a(OCoLC)ocn123797740 | ||
| 040 | _cASAB | ||
| 042 | _apcc | ||
| 050 | 0 | 0 |
_aTK7871.99.M44 _bC565 2007 |
| 070 | 0 |
_aTK7871.99.M44 _bC565 2007 |
|
| 082 | 0 | 0 |
_a660.6 _223 |
| 100 |
_aC.D. Swarna Latha _91073 |
||
| 240 | _aencyclopaedia of biotechnology-4 | ||
| 245 | 0 | 0 |
_aCellular biotechnology / _cC.D. Swarna Latha, Digumarti Bhaskara Rao |
| 260 |
_aNew Delhi _bDiscovery publishing house _cc2007. |
||
| 300 |
_axv, 260 p. : _bill. ; _c25 cm. |
||
| 906 |
_a7 _bcbc _cpccadap _d2 _eepcn _f20 _gy-gencatlg |
||
| 942 |
_2ddc _cBK |
||